[Event "Montigny le Bretonneux op 21st"]
[Site "Montigny le Bretonneux"]
[Date "2023.10.26"]
[Round "6"]
[White "Touati, Bruno"]
[Black "Forissier, Nicolas"]
[Result "1-0"]
[WhiteElo "1699"]
[BlackElo "1878"]
[PlyCount "71"]
[EventDate "2023.10.21"]
[EventType "swiss"]
[EventRounds "7"]
[EventCountry "FRA"]
[SourceTitle "Mega2024 Update 01"]
[Source "Chessbase"]
[SourceDate "2023.11.12"]
[SourceVersion "1"]
[SourceVersionDate "2023.11.12"]
[SourceQuality "1"]

1. Nf3 Nf6 2. d4 d5 3. c4 g6 4. Nc3 Bg7 5. Bg5 c6 6. cxd5 Nxd5 7. e4 Nb6 8. Qd2 h6 9. Be3 Be6 10. b3 N8d7 11. Bd3 Nf6 12. h3 Kf8 13. Ne2 g5 14. 0-0 g4 15. hxg4 Nxg4 16. Nf4 Qd6 17. Nh5 Nxe3 18. fxe3 Rg8 19. Nxg7 Rxg7 20. Nh4 Rg5 21. e5 Qd7 22. Rf2 Kg7 23. Raf1 Rf8 24. Bf5 f6 25. Bxe6 Qxe6 26. Nf5+ Kh8 27. e4 Kh7 28. exf6 Rxf6 29. Qd3 Rfg6 30. e5 Kh8 31. Nh4 Rg8 32. Rf7 R8g7 33. Rxg7 Kxg7 34. Qf3 Nd5 35. Qf8+ Kh7 36. Rf7+ 1-0

[Event "Montigny le Bretonneux op 21st"]
[Site "Montigny le Bretonneux"]
[Date "2023.10.25"]
[Round "5"]
[White "Forissier, Nicolas"]
[Black "Selores Granjo, Gilberto"]
[Result "1-0"]
[WhiteElo "1878"]
[BlackElo "1405"]
[PlyCount "81"]
[EventDate "2023.10.21"]
[EventType "swiss"]
[EventRounds "7"]
[EventCountry "FRA"]
[SourceTitle "Mega2024 Update 01"]
[Source "Chessbase"]
[SourceDate "2023.11.12"]
[SourceVersion "1"]
[SourceVersionDate "2023.11.12"]
[SourceQuality "1"]

1. d4 d5 2. c4 Nf6 3. cxd5 Nxd5 4. Nf3 Bf5 5. Nbd2 Nb6 6. e4 Bg4 7. Qb3 e6 8. Ne5 Bh5 9. Ndf3 Bxf3 10. Nxf3 N8d7 11. Be3 Be7 12. Bd3 0-0 13. 0-0 c5 14. Bb5 cxd4 15. Bxd4 Nc5 16. Qe3 Ncd7 17. Rfd1 a6 18. Bxb6 Qxb6 19. Bxd7 Qxb2 20. Qb3 Qf6 21. Qb6 Rfd8 22. Rac1 Qf4 23. Qxb7 Rab8 24. Qc6 Rb2 25. Rc2 Rb4 26. e5 a5 27. h3 Rbb8 28. Rcd2 h6 29. Qc7 Qb4 30. Qc2 Qb6 31. Qc6 Qb4 32. Qa4 Qb6 33. Nd4 Rb7 34. Nc6 Rdxd7 35. Rxd7 Rxd7 36. Rxd7 Bh4 37. Qxh4 Qxc6 38. Qd4 Qc1+ 39. Kh2 g6 40. Qd2 Qc5 41. Qf4 1-0

[Event "Montigny le Bretonneux op 21st"]
[Site "Montigny le Bretonneux"]
[Date "2023.10.22"]
[Round "2"]
[White "Kunne, Ronald"]
[Black "Forissier, Nicolas"]
[Result "0-1"]
[WhiteElo "1563"]
[BlackElo "1878"]
[PlyCount "33"]
[EventDate "2023.10.21"]
[EventType "swiss"]
[EventRounds "7"]
[EventCountry "FRA"]
[SourceTitle "Mega2024 Update 01"]
[Source "Chessbase"]
[SourceDate "2023.11.12"]
[SourceVersion "1"]
[SourceVersionDate "2023.11.12"]
[SourceQuality "1"]

1. e4 e5 2. Nf3 Nc6 3. Bb5 f5 4. d3 Nf6 5. 0-0 d6 6. d4 fxe4 7. dxe5 exf3 8. exf6 Qxf6 9. Re1+ Be7 10. Qd5 Kd8 11. Bxc6 bxc6 12. Qxc6 Rb8 13. Nc3 Bb7 14. Qb5 a6 15. Qb3 Qf5 16. Ne4 Bxe4 17. Qe3 0-1

[Event "Montigny le Bretonneux op 25th"]
[Site "Montigny le Bretonneux"]
[Date "2023.05.20"]
[Round "4"]
[White "Branson, James"]
[Black "Forissier, Nicolas"]
[Result "0-1"]
[WhiteElo "1537"]
[BlackElo "1887"]
[PlyCount "78"]
[EventDate "2023.05.18"]
[EventType "swiss"]
[EventRounds "9"]
[EventCountry "FRA"]
[SourceTitle "CBM 214 Extra"]
[Source "ChessBase"]
[SourceDate "2023.07.31"]
[SourceVersion "1"]
[SourceVersionDate "2023.07.31"]
[SourceQuality "1"]

1. e4 e5 2. Nc3 Nc6 3. f4 d6 4. Nf3 Be7 5. d4 exd4 6. Nxd4 Nxd4 7. Qxd4 Bf6 8. Qe3 Ne7 9. e5 dxe5 10. fxe5 Nf5 11. Qe4 Bh4+ 12. g3 Be7 13. Bd2 Nd4 14. Nb5 Nxb5 15. Bxb5+ c6 16. Bc4 0-0 17. Bd3 g6 18. 0-0-0 Be6 19. Bc4 Qc8 20. h4 Bf5 21. Qf4 b5 22. Be2 Qa6 23. a3 Bxa3 24. bxa3 Qxa3+ 25. Kb1 Qb3+ 26. Ka1 Bxc2 27. Qb4 Bxd1 28. Bxd1 Qxg3 29. Bf4 Qd3 30. h5 c5 31. Qb2 Qe4 32. Rf1 Rfd8 33. Bg4 Rd4 34. Bd1 Rxd1+ 35. Rxd1 Qa4+ 36. Kb1 Qxd1+ 37. Bc1 Qd3+ 38. Ka1 Qd4 39. hxg6 hxg6 0-1

[Event "Montigny le Bretonneux op 25th"]
[Site "Montigny le Bretonneux"]
[Date "2023.05.20"]
[Round "5"]
[White "Forissier, Nicolas"]
[Black "Piquard, Yaroslav"]
[Result "0-1"]
[WhiteElo "1887"]
[BlackElo "1616"]
[PlyCount "66"]
[EventDate "2023.05.18"]
[EventType "swiss"]
[EventRounds "9"]
[EventCountry "FRA"]
[SourceTitle "CBM 214 Extra"]
[Source "ChessBase"]
[SourceDate "2023.07.31"]
[SourceVersion "1"]
[SourceVersionDate "2023.07.31"]
[SourceQuality "1"]

1. d4 d5 2. c4 c6 3. Nc3 Nf6 4. e3 e6 5. Nf3 Nbd7 6. Bd3 dxc4 7. Bxc4 b5 8. Bb3 a6 9. 0-0 Bb7 10. Re1 c5 11. Bc2 Be7 12. e4 Nb6 13. Bg5 cxd4 14. Nxd4 Bc5 15. Nf3 Qxd1 16. Raxd1 0-0 17. h3 Rac8 18. Bd3 b4 19. Nb1 Na4 20. Re2 Bb6 21. e5 Nd5 22. Be4 h6 23. Be7 Rfe8 24. Bxb4 Nxb4 25. Bxb7 Rc7 26. a3 Rxb7 27. axb4 Bd8 28. b3 Nb6 29. Nc3 Be7 30. b5 Rc7 31. Ne4 axb5 32. Nd6 Rd8 33. Red2 b4 0-1

[Event "Montigny le Bretonneux op 25th"]
[Site "Montigny le Bretonneux"]
[Date "2023.05.18"]
[Round "2"]
[White "Sondermeijer, Antoine"]
[Black "Forissier, Nicolas"]
[Result "1-0"]
[WhiteElo "1485"]
[BlackElo "1887"]
[PlyCount "67"]
[EventDate "2023.05.18"]
[EventType "swiss"]
[EventRounds "9"]
[EventCountry "FRA"]
[SourceTitle "CBM 214 Extra"]
[Source "ChessBase"]
[SourceDate "2023.07.31"]
[SourceVersion "1"]
[SourceVersionDate "2023.07.31"]
[SourceQuality "1"]

1. e4 e5 2. Bc4 Nf6 3. d4 exd4 4. Nf3 Bb4+ 5. c3 dxc3 6. bxc3 Be7 7. e5 Ng4 8. Qd4 h5 9. Qd5 0-0 10. h3 c6 11. Qd3 Nh6 12. Bxh6 gxh6 13. Bb3 Kg7 14. Bc2 Rh8 15. Qf5 d6 16. Qxh5 dxe5 17. Nxe5 Qd5 18. Bb3 Qe4+ 19. Kf1 Rf8 20. Nd2 Qf5 21. g4 Qxh5 22. gxh5 Be6 23. Rg1+ Kf6 24. f4 Nd7 25. Ne4+ Kf5 26. Ng3+ Kxf4 27. Nd3+ Kg5 28. Ne4+ Kxh5 29. Bd1+ Kh4 30. Ne1 Bxh3+ 31. Ng2+ Bxg2+ 32. Rxg2 Kh3 33. Rg3+ Kh4 34. Rg1 1-0

[Event "Montigny le Bretonneux op 20th"]
[Site "Montigny le Bretonneux"]
[Date "2022.10.23"]
[Round "2"]
[White "Forissier, Nicolas"]
[Black "Daele, Herve"]
[Result "1-0"]
[WhiteElo "1922"]
[BlackElo "1591"]
[PlyCount "43"]
[EventDate "2022.10.22"]
[EventType "swiss"]
[EventRounds "9"]
[EventCountry "FRA"]
[SourceTitle "EXT 2024"]
[Source "ChessBase"]
[SourceDate "2023.10.10"]
[SourceVersion "1"]
[SourceVersionDate "2023.10.10"]
[SourceQuality "1"]

1. d4 d5 2. c4 c6 3. Nc3 Nf6 4. e3 e6 5. Nf3 dxc4 6. Bxc4 b5 7. Bb3 Bb7 8. 0-0 Be7 9. e4 b4 10. e5 bxc3 11. exf6 Bxf6 12. bxc3 Nd7 13. Ba3 Be7 14. Bxe7 Qxe7 15. Re1 Qd6 16. Ng5 0-0 17. Nxe6 Rae8 18. Nxf8 Rxe1+ 19. Qxe1 Kxf8 20. Qe3 Qg6 21. Re1 Nf6 22. Qe7+ 1-0

[Event "Montigny le Bretonneux op 24th"]
[Site "Montigny le Bretonneux"]
[Date "2022.05.29"]
[Round "8"]
[White "Forissier, Nicolas"]
[Black "Maurel, Christophe"]
[Result "0-1"]
[WhiteElo "1909"]
[BlackElo "1562"]
[PlyCount "74"]
[EventDate "2022.05.26"]
[EventType "swiss"]
[EventRounds "9"]
[EventCountry "FRA"]
[SourceTitle "CBM 208 Extra"]
[Source "ChessBase"]
[SourceDate "2022.07.31"]
[SourceVersion "1"]
[SourceVersionDate "2022.07.31"]
[SourceQuality "1"]

1. d4 Nf6 2. c4 e6 3. Nc3 Bb4 4. e3 0-0 5. Bd3 b6 6. Nge2 Bb7 7. 0-0 c5 8. d5 exd5 9. Nxd5 Nxd5 10. cxd5 d6 11. a3 Ba5 12. Nf4 Ba6 13. Bxa6 Nxa6 14. Qg4 b5 15. b4 f5 16. Qg3 Qf6 17. Rb1 Bd8 18. Bb2 Qh6 19. Ne6 Rf7 20. Qxd6 Bc7 21. Nxc7 Qxd6 22. Nxa8 Qxd5 23. Rfd1 Qxa8 24. Rd6 Qe4 25. Rbd1 h6 26. h3 Nc7 27. bxc5 Qc2 28. R6d2 Qxc5 29. Rc1 Qe7 30. Rdc2 Ne6 31. Rc8+ Kh7 32. Rb8 a6 33. Rcc8 Rf8 34. Rxf8 Nxf8 35. Ra8 Ng6 36. Rxa6 Nh4 37. Kh1 Qb7 0-1

[Event "Montigny le Bretonneux op 24th"]
[Site "Montigny le Bretonneux"]
[Date "2022.05.28"]
[Round "6"]
[White "Surugue, Philippe"]
[Black "Forissier, Nicolas"]
[Result "1-0"]
[WhiteElo "1766"]
[BlackElo "1909"]
[PlyCount "55"]
[EventDate "2022.05.26"]
[EventType "swiss"]
[EventRounds "9"]
[EventCountry "FRA"]
[SourceTitle "CBM 208 Extra"]
[Source "ChessBase"]
[SourceDate "2022.07.31"]
[SourceVersion "1"]
[SourceVersionDate "2022.07.31"]
[SourceQuality "1"]

1. e4 e5 2. d4 exd4 3. c3 dxc3 4. Bc4 Nc6 5. Nxc3 Nf6 6. Nf3 Bc5 7. 0-0 0-0 8. Bg5 Be7 9. Qd2 d6 10. h3 h6 11. Bxh6 gxh6 12. Qxh6 Ne5 13. Bb3 Be6 14. Bxe6 fxe6 15. Ng5 Rf7 16. f4 Bf8 17. Qh4 Nh7 18. Qg3 Nxg5 19. h4 Nc6 20. hxg5 Rg7 21. Qg4 Nd4 22. Rad1 c5 23. Rd3 e5 24. g3 c4 25. Rd2 Be7 26. Rh2 Qc8 27. Qh5 Qc5 28. Kg2 1-0

[Event "Montigny le Bretonneux op 19th"]
[Site "Montigny le Bretonneux"]
[Date "2021.10.28"]
[Round "6"]
[White "Delmont, Jean Robert"]
[Black "Forissier, Nicolas"]
[Result "0-1"]
[WhiteElo "1753"]
[BlackElo "1918"]
[PlyCount "36"]
[EventDate "2021.10.23"]
[EventType "swiss"]
[EventRounds "7"]
[EventCountry "FRA"]
[SourceTitle "CBM 204 Extra"]
[Source "ChessBase"]
[SourceDate "2021.11.30"]
[SourceVersion "1"]
[SourceVersionDate "2021.11.30"]
[SourceQuality "1"]

1. d4 Nf6 2. c4 g6 3. Nc3 d5 4. Nf3 Bg7 5. e3 0-0 6. Qb3 c6 7. Bd2 e6 8. Bd3 Nbd7 9. 0-0 Nb6 10. c5 Nbd7 11. Qc2 e5 12. dxe5 Ng4 13. e6 fxe6 14. Bxg6 hxg6 15. Qxg6 Nde5 16. Nxe5 Nxe5 17. Qg3 Qf6 18. Ne2 Qg6 0-1

[Event "Montigny le Bretonneux op 19th"]
[Site "Montigny le Bretonneux"]
[Date "2021.10.27"]
[Round "5"]
[White "Forissier, Nicolas"]
[Black "Flamant, Jacky"]
[Result "1-0"]
[WhiteElo "1918"]
[BlackElo "1479"]
[PlyCount "59"]
[EventDate "2021.10.23"]
[EventType "swiss"]
[EventRounds "7"]
[EventCountry "FRA"]
[SourceTitle "CBM 204 Extra"]
[Source "ChessBase"]
[SourceDate "2021.11.30"]
[SourceVersion "1"]
[SourceVersionDate "2021.11.30"]
[SourceQuality "1"]

1. d4 Nf6 2. c4 e5 3. dxe5 Ng4 4. Nf3 Nc6 5. Bg5 Be7 6. Bf4 Bb4+ 7. Nbd2 d6 8. exd6 Qf6 9. e3 Bf5 10. a3 Bxd6 11. Bxd6 Qxd6 12. Nb3 Qxd1+ 13. Rxd1 Bc2 14. Rd4 Nxd4 15. Nbxd4 Ba4 16. c5 0-0 17. Bc4 Rae8 18. 0-0 Ne5 19. Be2 b6 20. Rc1 Nxf3+ 21. Bxf3 Re7 22. c6 Re5 23. Be2 Rc5 24. Rc4 Rxc4 25. Bxc4 Bd1 26. Nb5 Rd8 27. h3 a5 28. Nxc7 Ba4 29. Nd5 Kf8 30. c7 1-0

[Event "Montigny le Bretonneux Autumn 18th"]
[Site "Montigny le Bretonneux"]
[Date "2019.10.27"]
[Round "9"]
[White "Verat Fayolle, Celian"]
[Black "Forissier, Nicolas"]
[Result "1-0"]
[WhiteElo "1843"]
[BlackElo "1929"]
[PlyCount "89"]
[EventDate "2019.10.19"]
[EventType "tourn"]
[EventRounds "9"]
[EventCountry "FRA"]
[SourceTitle "CBM 192 Extra"]
[Source "Chessbase"]
[SourceDate "2019.11.06"]
[SourceVersion "1"]
[SourceVersionDate "2019.11.06"]
[SourceQuality "1"]

1. e4 g6 2. d4 Bg7 3. Bc4 d6 4. Nc3 Nf6 5. Qe2 e5 6. dxe5 dxe5 7. Nf3 Qe7 8. Bg5 c6 9. 0-0-0 0-0 10. Qe3 b5 11. Bb3 a5 12. a4 Ba6 13. h4 b4 14. Ne2 Nbd7 15. Rxd7 Qxd7 16. Bxf6 Bxf6 17. Ng3 Qg4 18. Qc5 Bc8 19. Qxc6 Be6 20. Kb1 Bxb3 21. Qxf6 Qf4 22. Qxe5 Qxe5 23. Nxe5 Bxa4 24. Ng4 Rac8 25. b3 Bc6 26. h5 f5 27. exf5 gxh5 28. Nxh5 Rxf5 29. Nh6+ Kf8 30. Nxf5 Be4 31. Ne3 Kf7 32. Ng3 Bg6 33. Nc4 Kf6 34. f4 Rc7 35. f5 Be8 36. Ne4+ Kg7 37. f6+ Kg6 38. f7 Bxf7 39. Ne5+ Kg7 40. Nxf7 Rxf7 41. Rxh7+ Kxh7 42. Ng5+ Kg6 43. Nxf7 Kxf7 44. Kc1 Ke6 45. Kd2 1-0

[Event "Montigny le Bretonneux Autumn 18th"]
[Site "Montigny le Bretonneux"]
[Date "2019.10.24"]
[Round "6"]
[White "Forissier, Nicolas"]
[Black "Rumeau, Jean Michel"]
[Result "0-1"]
[WhiteElo "1929"]
[BlackElo "1934"]
[PlyCount "140"]
[EventDate "2019.10.19"]
[EventType "tourn"]
[EventRounds "9"]
[EventCountry "FRA"]
[SourceTitle "CBM 192 Extra"]
[Source "Chessbase"]
[SourceDate "2019.11.06"]
[SourceVersion "1"]
[SourceVersionDate "2019.11.06"]
[SourceQuality "1"]

1. d4 Nf6 2. c4 g6 3. Nc3 Bg7 4. e4 d6 5. Nf3 0-0 6. g3 c6 7. Bg2 Nbd7 8. 0-0 Qc7 9. Bd2 Re8 10. d5 a5 11. a3 Nc5 12. Ne1 a4 13. Be3 Nfd7 14. Nd3 Nxd3 15. Qxd3 e6 16. Rad1 exd5 17. cxd5 Ne5 18. Qc2 Qa5 19. dxc6 bxc6 20. Rd4 Ba6 21. Rxa4 Bd3 22. Qd1 Qc7 23. Rxa8 Rxa8 24. Re1 Ba6 25. Bd4 Nd3 26. Bxg7 Nxe1 27. Bf6 Nxg2 28. Qd2 Qb8 29. Kxg2 Qf8 30. e5 dxe5 31. Ne4 Re8 32. Bg5 Re6 33. Nf6+ Kh8 34. Bh6 Qc8 35. Qg5 c5 36. Qh4 Qc6+ 37. Ne4 Bb7 38. f3 f6 39. Bf8 Qe8 40. Bxc5 Bxe4 41. Qxe4 Qd7 42. b4 Re8 43. a4 Qxa4 44. Qb7 Qc2+ 45. Bf2 e4 46. Qf7 exf3+ 47. Kh3 Qf5+ 48. g4 Qe6 49. Qxe6 Rxe6 50. Kg3 Re2 51. Kxf3 Rb2 52. g5 Kg8 53. gxf6 Rxb4 54. Be3 Rb5 55. Bd4 Kf7 56. Kg3 Rb3+ 57. Kg2 Rd3 58. Be5 Ke6 59. Ba1 h6 60. h4 Rd1 61. Bc3 Rc1 62. Bd4 Rc4 63. Bf2 Kxf6 64. Kf3 Kf5 65. Be1 Ra4 66. Bf2 Ra3+ 67. Kg2 Kg4 68. Be1 Ra2+ 69. Kg1 Ra1 70. Kf1 Kf3 0-1

[Event "Montigny le Bretonneux op 22nd"]
[Site "Montigny le Bretonneux"]
[Date "2018.05.13"]
[Round "8"]
[White "Forissier, Nicolas"]
[Black "Duval, Dominique"]
[Result "1-0"]
[WhiteElo "1977"]
[BlackElo "1704"]
[PlyCount "93"]
[EventDate "2018.05.10"]
[EventType "swiss"]
[EventRounds "9"]
[EventCountry "FRA"]
[SourceTitle "CBM 184 Extra"]
[Source "ChessBase"]
[SourceDate "2018.06.28"]
[SourceVersion "1"]
[SourceVersionDate "2018.06.28"]
[SourceQuality "1"]

1. d4 Nf6 2. c4 e6 3. Nc3 Bb4 4. Nf3 0-0 5. e3 b6 6. Bd3 Bb7 7. 0-0 Bxc3 8. bxc3 Ne4 9. Qc2 f5 10. Nd2 Nxd2 11. Bxd2 d6 12. e4 Qf6 13. Rae1 Qg6 14. d5 Bc8 15. exf5 exf5 16. Re7 Nd7 17. Rfe1 Ne5 18. Be2 Rf7 19. Re8+ Rf8 20. Rxf8+ Kxf8 21. f4 Ng4 22. Qa4 Bb7 23. Bxg4 fxg4 24. Qd7 Re8 25. Rxe8+ Qxe8 26. Qxc7 Qa4 27. Qxd6+ Kf7 28. Qe6+ Kf8 29. d6 Qc6 30. Qe7+ Kg8 31. Qd8+ Kf7 32. Qc7+ Kg6 33. Qxc6 Bxc6 34. c5 b5 35. Kf2 Kf5 36. Ke3 Ke6 37. c4 bxc4 38. Kd4 Bxg2 39. Kxc4 Bc6 40. a3 h5 41. Be1 Kf5 42. Bg3 g5 43. fxg5 Kxg5 44. Kd4 h4 45. Bf2 h3 46. Ke5 Bd7 47. Kd5 1-0

[Event "Montigny le Bretonneux op 22nd"]
[Site "Montigny le Bretonneux"]
[Date "2018.05.13"]
[Round "9"]
[White "Sagon, Lancelot"]
[Black "Forissier, Nicolas"]
[Result "1/2-1/2"]
[WhiteElo "1479"]
[BlackElo "1977"]
[PlyCount "101"]
[EventDate "2018.05.10"]
[EventType "swiss"]
[EventRounds "9"]
[EventCountry "FRA"]
[SourceTitle "CBM 184 Extra"]
[Source "ChessBase"]
[SourceDate "2018.06.28"]
[SourceVersion "1"]
[SourceVersionDate "2018.06.28"]
[SourceQuality "1"]

1. e4 e5 2. Nf3 Nc6 3. Bc4 Bc5 4. Nc3 Nf6 5. d3 d6 6. Be3 Bb6 7. h3 Be6 8. Bb3 Bxe3 9. fxe3 h5 10. Bxe6 fxe6 11. Qd2 Qe7 12. 0-0-0 0-0-0 13. Rhf1 d5 14. exd5 exd5 15. d4 Ne4 16. Qe1 Nxc3 17. Qxc3 e4 18. Nd2 Rhf8 19. Nb3 Qg5 20. Qd2 Ne7 21. Nc5 Qh6 22. Kb1 b6 23. Nb3 Nf5 24. Rde1 Ng3 25. Rf2 Qd6 26. Nc1 Rxf2 27. Qxf2 Rf8 28. Qg1 Qf6 29. Ne2 h4 30. Nxg3 hxg3 31. Kc1 Kd7 32. Kd2 c5 33. c3 Kc6 34. h4 a5 35. a4 c4 36. Kd1 b5 37. axb5+ Kxb5 38. Kd2 Qf2+ 39. Qxf2 Rxf2+ 40. Re2 Rxe2+ 41. Kxe2 Ka4 42. Kd2 Kb3 43. Kc1 g6 44. Kb1 a4 45. Kc1 a3 46. Kb1 Ka4 47. Ka2 axb2 48. Kxb2 Kb5 49. Ka3 Ka5 50. Ka2 Kb5 51. Ka3 1/2-1/2

[Event "Montigny le Bretonneux op 22nd"]
[Site "Montigny le Bretonneux"]
[Date "2018.05.10"]
[Round "2"]
[White "Forissier, Nicolas"]
[Black "Fasquelle, Yann"]
[Result "1-0"]
[WhiteElo "1977"]
[BlackElo "1512"]
[PlyCount "55"]
[EventDate "2018.05.10"]
[EventType "swiss"]
[EventRounds "9"]
[EventCountry "FRA"]
[SourceTitle "CBM 184 Extra"]
[Source "ChessBase"]
[SourceDate "2018.06.28"]
[SourceVersion "1"]
[SourceVersionDate "2018.06.28"]
[SourceQuality "1"]

1. d4 Nf6 2. c4 e6 3. Nc3 Bb4 4. Nf3 b6 5. e3 Bb7 6. Bd3 0-0 7. 0-0 Nc6 8. e4 Ne7 9. e5 Ne8 10. Ne4 f5 11. exf6 Nxf6 12. Nfg5 h6 13. Nxf6+ Rxf6 14. Ne4 Rf7 15. a3 Bd6 16. Nxd6 cxd6 17. Qg4 Kh8 18. Qh5 Qf8 19. Bd2 Nf5 20. Bc3 Qe7 21. Rae1 Raf8 22. d5 e5 23. f4 b5 24. fxe5 bxc4 25. Bxf5 Bxd5 26. Qg6 Rxf5 27. Rxf5 Rg8 28. exd6 1-0

[Event "Montigny Autumn-A 16th"]
[Site "Montigny le Bretonneux"]
[Date "2017.10.22"]
[Round "2"]
[White "Forissier, Nicolas"]
[Black "Lialy Yao, Mustapha"]
[Result "1/2-1/2"]
[WhiteElo "1980"]
[BlackElo "1855"]
[PlyCount "119"]
[EventDate "2017.10.21"]
[EventType "tourn"]
[EventRounds "9"]
[EventCountry "FRA"]
[SourceTitle "EXT 2019"]
[Source "ChessBase"]
[SourceDate "2018.10.10"]
[SourceVersion "1"]
[SourceVersionDate "2018.10.10"]
[SourceQuality "1"]

1. d4 d6 2. c4 e5 3. d5 f5 4. g3 Nf6 5. Nc3 Be7 6. Bg2 0-0 7. Nf3 c6 8. 0-0 Na6 9. a3 Nc7 10. Qb3 cxd5 11. cxd5 Kh8 12. Rd1 Na6 13. Qc2 Nc5 14. Nh4 Nfe4 15. Nxe4 fxe4 16. b4 Na6 17. Qxe4 Bxh4 18. Qxh4 Qxh4 19. gxh4 Bg4 20. Bg5 Rfe8 21. f3 Bd7 22. Rac1 h6 23. Be3 b6 24. Rd2 Ba4 25. Bh3 Re7 26. f4 e4 27. Rd4 Nc7 28. Bf5 Bb3 29. Rc3 Ba2 30. Rd2 Nxd5 31. Rxa2 Nxc3 32. Rd2 Rf8 33. Bg6 d5 34. a4 Rd8 35. a5 bxa5 36. Bc5 Rb7 37. bxa5 a6 38. Bb6 Rf8 39. Rc2 Nb5 40. e3 Na3 41. Rc6 Nc4 42. Bd4 Nxa5 43. Rxa6 Nb3 44. Be5 Nd2 45. Bh5 Kg8 46. Rd6 Nc4 47. Rxd5 Nxe3 48. Rd4 Nf5 49. Rxe4 Nxh4 50. Ra4 g5 51. Be2 Rc8 52. fxg5 hxg5 53. Rg4 Rb1+ 54. Kf2 Ng6 55. Rxg5 Kf7 56. Bh5 Rc2+ 57. Ke3 Rc6 58. Rxg6 Rxg6 59. Bxg6+ Kxg6 60. Bg3 1/2-1/2

[Event "Montigny le Bretonneux op 21st"]
[Site "Montigny le Bretonneux"]
[Date "2017.05.27"]
[Round "5"]
[White "Couradin, Bruno"]
[Black "Forissier, Nicolas"]
[Result "1/2-1/2"]
[WhiteElo "1550"]
[BlackElo "1985"]
[PlyCount "51"]
[EventDate "2017.05.25"]
[EventType "swiss"]
[EventRounds "9"]
[EventCountry "FRA"]
[SourceTitle "EXT 2020"]
[Source "ChessBase"]
[SourceDate "2019.10.17"]
[SourceVersion "1"]
[SourceVersionDate "2019.10.17"]
[SourceQuality "1"]

1. e4 e5 2. Nf3 Nc6 3. Bc4 Bc5 4. Nc3 Nf6 5. d3 d6 6. h3 Be6 7. Nd5 Bxd5 8. Bxd5 Nxd5 9. exd5 Ne7 10. c4 0-0 11. 0-0 f5 12. d4 exd4 13. Nxd4 Bxd4 14. Qxd4 Ng6 15. Re1 f4 16. Bd2 Qg5 17. Kh2 Rf7 18. Re4 a6 19. Kh1 Raf8 20. Rae1 Qh5 21. f3 Qh4 22. Re8 Ne5 23. Rxf8+ Rxf8 24. Bc3 Rf5 25. Qe4 Rh5 26. Bd2 1/2-1/2

[Event "Montigny le Bretonneux op 21st"]
[Site "Montigny le Bretonneux"]
[Date "2017.05.27"]
[Round "4"]
[White "Forissier, Nicolas"]
[Black "Tornare, Michel"]
[Result "1/2-1/2"]
[WhiteElo "1985"]
[BlackElo "1835"]
[PlyCount "68"]
[EventDate "2017.05.25"]
[EventType "swiss"]
[EventRounds "9"]
[EventCountry "FRA"]
[SourceTitle "EXT 2020"]
[Source "ChessBase"]
[SourceDate "2019.10.17"]
[SourceVersion "1"]
[SourceVersionDate "2019.10.17"]
[SourceQuality "1"]

1. d4 d5 2. c4 e6 3. Nc3 Be7 4. e3 Nf6 5. Nf3 0-0 6. Bd3 dxc4 7. Bxc4 a6 8. 0-0 b5 9. Bb3 c5 10. Ne5 Bb7 11. f4 Nc6 12. a4 cxd4 13. Nxc6 Bxc6 14. exd4 b4 15. Ne2 Nd5 16. f5 exf5 17. Rxf5 Qd7 18. Qd3 a5 19. Bg5 Bxg5 20. Rxg5 Rae8 21. Re5 Rxe5 22. dxe5 Nc3 23. Nf4 Qxd3 24. Nxd3 Ne2+ 25. Kf2 Nd4 26. Bd1 f6 27. Kg3 fxe5 28. Nxe5 Bd5 29. Rc1 Nf5+ 30. Kh3 Be6 31. g4 Ne3 32. Be2 h5 33. Rc6 Bd5 34. Rc5 Rf2 1/2-1/2

[Event "Montigny le Bretonneux op 21st"]
[Site "Montigny le Bretonneux"]
[Date "2017.05.25"]
[Round "3"]
[White "Suinot, Laurent"]
[Black "Forissier, Nicolas"]
[Result "0-1"]
[WhiteElo "1623"]
[BlackElo "1985"]
[PlyCount "72"]
[EventDate "2017.05.25"]
[EventType "swiss"]
[EventRounds "9"]
[EventCountry "FRA"]
[SourceTitle "EXT 2020"]
[Source "ChessBase"]
[SourceDate "2019.10.17"]
[SourceVersion "1"]
[SourceVersionDate "2019.10.17"]
[SourceQuality "1"]

1. c4 Nf6 2. Nc3 g6 3. e3 Bg7 4. g3 c5 5. d4 cxd4 6. exd4 d5 7. cxd5 Nxd5 8. Bg2 Be6 9. Nge2 Nc6 10. 0-0 0-0 11. a3 Qd7 12. Be3 Nxe3 13. fxe3 Bh3 14. Qd2 Bxg2 15. Kxg2 Na5 16. Qd3 Rac8 17. Rfd1 Nc4 18. Rab1 Rfd8 19. a4 e5 20. b3 Nb6 21. Rd2 exd4 22. Nxd4 Bxd4 23. exd4 Qc6+ 24. Ne4 f5 25. Re1 fxe4 26. Qxe4 Qxe4+ 27. Rxe4 Nd5 28. Kf3 Rc3+ 29. Ke2 Rxb3 30. Re5 Nc3+ 31. Kf2 Rf8+ 32. Kg2 Nxa4 33. Ra5 Nb6 34. Rxa7 Nd5 35. Ra5 Rf5 36. Ra4 Ne3+ 0-1

[Event "Montigny le Bretonneux-A 15th"]
[Site "Montigny le Bretonneux"]
[Date "2016.10.26"]
[Round "5.5"]
[White "Nicolleau, Mathias"]
[Black "Forissier, Nicolas"]
[Result "1-0"]
[WhiteElo "1988"]
[BlackElo "1904"]
[PlyCount "117"]
[EventDate "2016.10.22"]
[EventType "tourn"]
[EventRounds "9"]
[EventCountry "FRA"]
[SourceTitle "EXT 2024"]
[Source "ChessBase"]
[SourceDate "2023.10.10"]
[SourceVersion "1"]
[SourceVersionDate "2023.10.10"]
[SourceQuality "1"]

1. d4 Nf6 2. c4 g6 3. Nc3 d5 4. Nf3 Bg7 5. e3 0-0 6. Qb3 c6 7. Bd2 e6 8. Bd3 Nbd7 9. 0-0 Re8 10. cxd5 exd5 11. Rfd1 Ne4 12. Be1 Ndf6 13. Ne5 Nxc3 14. Bxc3 Ng4 15. Nxg4 Bxg4 16. f3 Bc8 17. Re1 Rb8 18. Qc2 Be6 19. b4 Bd7 20. a4 Rc8 21. Qd2 Qg5 22. Rac1 Bf5 23. Bxf5 Qxf5 24. b5 cxb5 25. axb5 a6 26. bxa6 bxa6 27. Ra1 Rc6 28. Ra5 Rec8 29. Rc1 Qd7 30. Bb2 Bf8 31. Rxc6 Qxc6 32. Qe2 Bb4 33. Rxa6 Qc2 34. Qxc2 Rxc2 35. Ba1 Bd2 36. e4 Be3+ 37. Kf1 Rf2+ 38. Ke1 Rxg2 39. exd5 Rg5 40. d6 Rd5 41. Ke2 Bf4 42. h3 Rxd6 43. Ra8+ Kg7 44. Kd3 Kf6 45. Ke4 g5 46. d5+ Kg6 47. Rg8+ Kh6 48. Be5 f5+ 49. Kd4 Ra6 50. Bxf4 Ra4+ 51. Ke5 Rxf4 52. d6 Rxf3 53. d7 Rd3 54. d8Q Rxd8 55. Rxd8 f4 56. h4 f3 57. hxg5+ Kxg5 58. Ke4 Kg4 59. Rg8+ 1-0